UK country report on animal genetic resources (Record no. 71746)
[ view plain ]
| 000 -LEADER | |
|---|---|
| fixed length control field | 01095cam a2200217 4500 |
| 001 - CONTROL NUMBER | |
| control field | WB3846-17 |
| 008 - FIXED-LENGTH DATA ELEMENTS--GENERAL INFORMATION | |
| fixed length control field | 021211n2002 000 0 eng u |
| 035 ## - SYSTEM CONTROL NUMBER | |
| System control number | (Sirsi) u120735 |
| 245 ## - TITLE STATEMENT | |
| Title | UK country report on animal genetic resources |
| 260 ## - PUBLICATION, DISTRIBUTION, ETC. | |
| Date of publication, distribution, etc. | 2002 |
| 490 ## - SERIES STATEMENT | |
| Series statement | RICS Rural Faculty News |
| Volume/sequential designation | 10 December 2002 |
| 520 ## - SUMMARY, ETC. | |
| Summary, etc. | UK Country report on genetic resources for food and agriculture is published after a year's work reviewing the UK's farm animal breeding sector in the wake of disease epidemics. Report advocates the need to conserve and utilise more effectively Britain's traditional breeds which are either at risk of dying out or faced with a dramatic reduction in numbers. For the RICS Rural Faculty News: http://www.rics.org/ricscms/bin/show?class=News&template=/includes/shownews.html&id=4413 For the DEFRA Press Release: http://www.defra.gov.uk/news/2002/021128h.htm |
| 590 ## - LOCAL NOTE (RLIN) | |
| Local note | WB |
| 650 ## - SUBJECT ADDED ENTRY--TOPICAL TERM | |
| Topical term or geographic name entry element | GENETICALLY MODIFIED FOODS |
| 650 ## - SUBJECT ADDED ENTRY--TOPICAL TERM | |
| Topical term or geographic name entry element | FARMING |
| 650 ## - SUBJECT ADDED ENTRY--TOPICAL TERM | |
| Topical term or geographic name entry element | RARE BREEDS |
| 650 ## - SUBJECT ADDED ENTRY--TOPICAL TERM | |
| Topical term or geographic name entry element | BSE |
| 650 ## - SUBJECT ADDED ENTRY--TOPICAL TERM | |
| Topical term or geographic name entry element | FOOT-AND-MOUTH DISEASE |
| 690 ## - LOCAL SUBJECT ADDED ENTRY--TOPICAL TERM (OCLC, RLIN) | |
| Topical term or geographic name as entry element | Rural |
| 9 (RLIN) | 6268 |
| 942 ## - ADDED ENTRY ELEMENTS (KOHA) | |
| Suppress in OPAC | 0 |
| Withdrawn status | Lost status | Source of classification or shelving scheme | Damaged status | Not for loan | Home library | Current library | Shelving location | Date acquired | Total Checkouts | Full call number | Barcode | Date last seen | Copy number | Price effective from | Koha item type |
|---|---|---|---|---|---|---|---|---|---|---|---|---|---|---|---|
| Dewey Decimal Classification | London | London | News article | 11/12/2002 | WB3846-17 | 120735-1001 | 06/08/2019 | 1 | 06/08/2019 | News article |